000 02394cam a22005294a 4500
001 muse33596
003 MdBmJHUP
005 20210127151043.0
006 m o d
007 cr||||||||nn|n
008 090105s2009 ohu o 00 0 eng d
010 _z 2008055805
020 _a9780814271476
020 _a0814271472
020 _z9780814211076 (cloth : alk. paper)
020 _z0814211070 (cloth : alk. paper)
020 _z9780814292044 (CD-ROM)
020 _z0814292046 (CD-ROM)
035 _a(OCoLC)680202687
040 _aMdBmJHUP
_cMdBmJHUP
050 0 4 _aJC311
_b.H595 2009
082 0 _a320.54
_222
100 1 _aHogan, Patrick Colm.
245 1 0 _aUnderstanding Nationalism
_bOn Narrative, Cognitive Science, and Identity /
_cPatrick Colm Hogan.
264 1 _bOhio State University Press,
264 3 _bProject MUSE,
300 _a1 online resource (xii, 386 p.)
490 0 _aTheory and interpretation of narrative
504 _aIncludes bibliographical references and index.
505 0 _aUnderstanding identity : what it is and what it does -- Hierarchizing identities : techniques of nationalization -- Metaphors and selves : forefathers, roots, and the voice of the people -- Emplotting the nation : the narrative structures of patriotism -- Heroic nationalism and the necessity of war from King David to George W. Bush -- Sacrificial nationalism and its victims : sin and death in Germany and India -- Romantic love and the end of nationalism : Walt Whitman and Emma Goldman.
506 0 _aOpen Access
_fUnrestricted online access
_2star
588 _aDescription based on print version record.
650 0 _aCognition and culture
_vCross-cultural studies.
650 0 _aNationalism in literature.
650 0 _aNationalism
_vCross-cultural studies.
655 7 _aElectronic books.
_2local
710 2 _aProject Muse.
_edistributor
830 0 _aTheory and interpretation of narrative series.
830 0 _aBook collections on Project MUSE.
856 4 0 _zFull text available:
_uhttps://muse.jhu.edu/book/27785/
945 _aProject MUSE - Archive Literature Supplement III
945 _aProject MUSE - Archive Complete Supplement III
999 _c24430
_d24430